Data-Centric Business and Applications Advancements in Information and Knowledge Management
Uložené v:
| Médium: | Kniha |
|---|---|
| Jazyk: | English |
| Vydavateľské údaje: |
Cham
Springer Nature Switzerland
2024
|
| Vydanie: | 1st Edition |
| Predmet: | |
| Tagy: |
Žiadne tagy, Buďte prvý, kto otaguje tento záznam!
|
MARC
| LEADER | 00000nlm a2200000 4500 | ||
|---|---|---|---|
| 001 | 0302950 | ||
| 005 | 20250729115950.7 | ||
| 020 | |a 978-3-031-59131-0 | ||
| 041 | 0 | |a eng | |
| 044 | |a CH | ||
| 245 | 1 | 0 | |a Data-Centric Business and Applications |b Advancements in Information and Knowledge Management |
| 250 | |a 1st Edition | ||
| 264 | 1 | |a Cham |b Springer Nature Switzerland |c 2024 | |
| 300 | |a 441 s. | ||
| 610 | 2 | 0 | |a manažment znalostný |
| 610 | 2 | 0 | |a manažment informačný |
| 610 | 2 | 0 | |a dáta |
| 610 | 2 | 0 | |a učenie strojové |
| 610 | 2 | 0 | |a prostredie podnikateľské |